| 000 | 00840nas a2200265 4500 | ||
|---|---|---|---|
| 001 | BR2015002239 | ||
| 003 | BR-BrBNA | ||
| 005 | 20231205125223.0 | ||
| 007 | ta | ||
| 008 | 230509b bl.|||p| |||| 00| 00por d | ||
| 040 |
_aBR-BrBNA _bpor _cBiblioteca Nacional de Agricultura |
||
| 041 | _a(En) | ||
| 072 | _aP40 | ||
| 100 | 1 | _aMarques, R.F. de P.V. | |
| 100 | 1 | _aMello, C.R. de | |
| 100 | 1 | _aSilva, A.M. da | |
| 100 | 1 | _aFranco, C.S. | |
| 100 | 1 | _aOliveira, A.S. de | |
| 245 | 1 | _aPerformance of the probability distribution models applied to heavy rainfall daily events | |
| 650 | _aRECURSO HÍDRICO | ||
| 650 | _aPRECIPITAÇÃO PLUVIAL | ||
| 773 | 0 |
_tCiência e Agrotecnologia (Brazil) _xISSN 1413-7054 _g(Jul-Aug 2014), v. 38(4) p. 335-342 _wBR2015002239 |
|
| 909 |
_a202311 _bLúcia _c55 _dLúcia Elande |
||
| 942 |
_2AGRIS _n0 _cANA |
||
| 999 |
_c243287 _d243287 |
||